Score 0/39 Timer 04:00
0 Plays Today
Clue Word % Correct
DemonstrateSHOW
91.8%
☼ Weather term ☼SNOW
88.7%
☼ Weather term ☼RAIN
87.5%
Magical stickWAND
84.7%
End of a wristHAND
82.8%
Provided fundsPAID
82.5%
StoreSHOP
79.9%
Huge boatSHIP
79.5%
Stumble or slideSLIP
78.3%
☼ Weather term ☼WIND
76.5%
UtteredSAID
76.1%
Bound-up hayBALE
74.4%
Moved smoothlySLID
73.7%
Solid or toughHARD
73.5%
☼ Weather term ☼HAIL
73.5%
Naked or uncoveredBARE
73.2%
Large roomHALL
69.3%
DiscomfortPAIN
68.9%
Horizontal barRAIL
68.3%
Physically injureHARM
62.5%
Clue Word % Correct
Attract attentionCALL
58.4%
Tie or fastenBIND
55.1%
☼ Weather term ☼WARM
54.9%
☼ Weather term ☼COLD
54.5%
Biggest amountMOST
53.2%
Stiff paperCARD
53.2%
A soothing lotionBALM
50.2%
Musician or poetBARD
49.4%
Marketable commodityWARE
49.3%
String or ropeCORD
48.3%
☼ Weather term ☼CALM
46.5%
Total spentCOST
44.2%
Fungus (US spelling)MOLD
43.8%
Loop of materialBAND
41.7%
☼ Weather term ☼MIST
36.2%
☼ Weather term ☼MILD
32.6%
Fish sperm fluidMILT
22.9%
☼ Weather term ☼COOL
14.8%
Type of birdCOOT
14.3%

Today's Daily Dose

Remove Ads.
Support Sporcle.
Get the best of Sporcle when you Go Orange. This ad-free experience offers more features, more stats, and more fun while also helping to support Sporcle. Thank you for becoming a member.

You're not logged in!

Compare scores with friends on all Sporcle quizzes.
OR
Log In

Show Comments

Extras

Top Quizzes Today


Score Distribution

Your Account Isn't Verified!

In order to create a playlist on Sporcle, you need to verify the email address you used during registration. Go to your Sporcle Settings to finish the process.

Report this User

Report this user for behavior that violates our Community Guidelines.

Details: